000 00583nam a2200205 u 4500
005 20250116063855.0
008 150812s2013 r 000 0 eng d
020 _a9788499213842
035 _aUPN01000205137
049 _aCG
050 4 _aLB41
_bA8.4
100 1 _aAsensio Aguilera, José María
_931683
245 1 0 _aEducación y vida :
_bun encuentro imprescindible /
_cJose Ma. Asensio Aguilera.
260 _aBarcelona, Esp. :
_bOctaedro,
_c2013.
300 _a221 p.
440 0 _aCon vivencias ;
_v31
650 4 _aEducación
_9682
905 _aLibro
999 _c177238
_d177238